[Event "SVK-chT2B 2324"]
[Site "Slovakia"]
[Date "2024.02.10"]
[Round "8.1"]
[White "Kukucka, Matej"]
[Black "Hudoba, Ondrej"]
[Result "1/2-1/2"]
[WhiteElo "2084"]
[BlackElo "2043"]
[PlyCount "31"]
[EventDate "2023.10.07"]
[EventType "team-tourn"]
[EventRounds "11"]
[EventCountry "SVK"]
[SourceTitle "EXT 2025"]
[Source "ChessBase"]
[SourceDate "2024.10.14"]
[SourceVersion "1"]
[SourceVersionDate "2024.10.14"]
[SourceQuality "1"]
[WhiteTeam "Povazske Podhradie"]
[BlackTeam "Levice III"]
[WhiteTeamCountry "SVK"]
[BlackTeamCountry "SVK"]

1. d4 Nf6 2. c4 e6 3. Nc3 Bb4 4. e3 b6 5. Bd3 Bb7 6. Nf3 Bxc3+ 7. bxc3 0-0 8. 0-0 d6 9. Nd2 e5 10. f3 Nc6 11. Rf2 Re8 12. Nf1 e4 13. fxe4 Na5 14. Ng3 Nxe4 15. Rf4 Nxg3 16. hxg3 1/2-1/2

[Event "SVK-chT2B 2324"]
[Site "Slovakia"]
[Date "2023.12.03"]
[Round "6.3"]
[White "Nemeth, Eugen"]
[Black "Hudoba, Ondrej"]
[Result "1/2-1/2"]
[WhiteElo "2024"]
[BlackElo "2043"]
[PlyCount "66"]
[EventDate "2023.10.07"]
[EventType "team-tourn"]
[EventRounds "11"]
[EventCountry "SVK"]
[SourceTitle "EXT 2025"]
[Source "ChessBase"]
[SourceDate "2024.10.14"]
[SourceVersion "1"]
[SourceVersionDate "2024.10.14"]
[SourceQuality "1"]
[WhiteTeam "Nove Zamky"]
[BlackTeam "Levice III"]
[WhiteTeamCountry "SVK"]
[BlackTeamCountry "SVK"]

1. e4 e5 2. Nf3 Nc6 3. Bb5 a6 4. Ba4 Nf6 5. 0-0 Be7 6. Re1 b5 7. Bb3 0-0 8. a4 Bb7 9. Nc3 b4 10. Nd5 Na5 11. Nxf6+ Bxf6 12. c3 Qe7 13. Ba2 Rab8 14. Qe2 b3 15. Bb1 c5 16. Bd3 Qe6 17. Qe3 Rfc8 18. Bf1 c4 19. d3 h6 20. Bd2 cxd3 21. Qxd3 Nc4 22. Bc1 a5 23. Rd1 Rc7 24. Nd2 Ba6 25. Nxc4 Bxc4 26. Qd6 Qxd6 27. Rxd6 Be7 28. Rd1 Be6 29. Be3 Bc5 30. Bxc5 Rxc5 31. Rd6 Kf8 32. Rad1 Ke7 33. Ra6 d5 1/2-1/2

[Event "SVK-chT2B 2324"]
[Site "Slovakia"]
[Date "2023.12.02"]
[Round "5.4"]
[White "Hudoba, Ondrej"]
[Black "Batora, Matej"]
[Result "0-1"]
[WhiteElo "2043"]
[BlackElo "2127"]
[PlyCount "116"]
[EventDate "2023.10.07"]
[EventType "team-tourn"]
[EventRounds "11"]
[EventCountry "SVK"]
[SourceTitle "EXT 2025"]
[Source "ChessBase"]
[SourceDate "2024.10.14"]
[SourceVersion "1"]
[SourceVersionDate "2024.10.14"]
[SourceQuality "1"]
[WhiteTeam "Levice III"]
[BlackTeam "Tlmace"]
[WhiteTeamCountry "SVK"]
[BlackTeamCountry "SVK"]

1. e4 c5 2. Nf3 d6 3. Bb5+ Bd7 4. c4 Nc6 5. d4 cxd4 6. Nxd4 Nf6 7. Nc3 g6 8. f3 Bg7 9. Be3 0-0 10. 0-0 Nxd4 11. Bxd4 Be6 12. Nd5 Bxd5 13. exd5 a6 14. Ba4 Rc8 15. Rc1 Nh5 16. Re1 Qc7 17. Rc3 Bxd4+ 18. Qxd4 Ng7 19. b4 b5 20. Bb3 Nf5 21. Qf2 a5 22. g4 axb4 23. Rc2 Ng7 24. cxb5 Qb7 25. Rce2 Qxb5 26. Rxe7 Rfe8 27. Qa7 Rxe7 28. Rxe7 h5 29. Kf2 Qd3 30. Qe3 Qb1 31. Qf4 Qb2+ 32. Kg3 Rc1 33. Qxf7+ Kh7 34. Qxg7+ Qxg7 35. Rxg7+ Kxg7 36. g5 Rg1+ 37. Kf4 h4 38. h3 Rg3 39. Ba4 Rxh3 40. Kg4 Rh2 41. Bb3 Kf7 42. f4 Rh1 43. Bc4 Kg7 44. Bb3 Rf1 45. Kxh4 Rxf4+ 46. Kg3 Rf5 47. Kg4 Rf1 48. Bc4 Rg1+ 49. Kf4 Rg2 50. Bb3 Kf7 51. Bc4 Ke7 52. Bb3 Ke8 53. Ba4+ Kd8 54. Bb3 Kc7 55. Bc4 Kb6 56. Bd3 Rxa2 57. Bxg6 Rg2 58. Be4 Rg1 0-1

[Event "SVK-chT2B 2324"]
[Site "Slovakia"]
[Date "2023.11.12"]
[Round "4.6"]
[White "Hudoba, Ondrej"]
[Black "Petras, Karol"]
[Result "1/2-1/2"]
[WhiteElo "2043"]
[BlackElo "1833"]
[PlyCount "35"]
[EventDate "2023.10.07"]
[EventType "team-tourn"]
[EventRounds "11"]
[EventCountry "SVK"]
[SourceTitle "EXT 2025"]
[Source "ChessBase"]
[SourceDate "2024.10.14"]
[SourceVersion "1"]
[SourceVersionDate "2024.10.14"]
[SourceQuality "1"]
[WhiteTeam "Levice III"]
[BlackTeam "Surany"]
[WhiteTeamCountry "SVK"]
[BlackTeamCountry "SVK"]

1. e4 c6 2. d4 d5 3. f3 dxe4 4. Bc4 Nf6 5. Nc3 Bf5 6. Bg5 Nbd7 7. Qe2 exf3 8. Nxf3 e6 9. d5 cxd5 10. Nxd5 Be7 11. Nxe7 Qxe7 12. 0-0-0 0-0 13. Ne5 Nxe5 14. Qxe5 Rac8 15. Bd3 Rc5 16. Bxf6 gxf6 17. Qg3+ Kh8 18. Rhf1 1/2-1/2

[Event "SVK-chT2B 2223"]
[Site "Slovakia"]
[Date "2023.02.12"]
[Round "9.6"]
[White "Hudoba, Ondrej"]
[Black "Rancso, Mark"]
[Result "1/2-1/2"]
[WhiteElo "2072"]
[BlackElo "1949"]
[PlyCount "53"]
[EventDate "2022.10.08"]
[EventType "team-tourn"]
[EventRounds "11"]
[EventCountry "SVK"]
[SourceTitle "EXT 2024"]
[Source "ChessBase"]
[SourceDate "2023.10.10"]
[SourceVersion "1"]
[SourceVersionDate "2023.10.10"]
[SourceQuality "1"]
[WhiteTeam "Levice II"]
[BlackTeam "Komarno II"]
[WhiteTeamCountry "SVK"]
[BlackTeamCountry "SVK"]

1. c4 c6 2. d4 d5 3. Nc3 Nf6 4. Nf3 e6 5. Bg5 Be7 6. e3 0-0 7. Bd3 h6 8. Bh4 dxc4 9. Bxc4 Nbd7 10. 0-0 Nd5 11. Bxe7 Qxe7 12. Qc2 Nxc3 13. bxc3 e5 14. Qe4 Re8 15. Bb3 exd4 16. Qxe7 Rxe7 17. cxd4 Nf6 18. Ne5 Bf5 19. Rac1 Nd7 20. Nc4 Nb6 21. Nd6 Bg6 22. g4 Bd3 23. Rfe1 Rd8 24. Nc4 Bxc4 25. Bxc4 Nxc4 26. Rxc4 Rd5 27. Rb1 1/2-1/2

[Event "SVK-chT2B 2223"]
[Site "Slovakia"]
[Date "2023.01.15"]
[Round "7.5"]
[White "Reisel, Frantisek"]
[Black "Hudoba, Ondrej"]
[Result "1-0"]
[WhiteElo "1905"]
[BlackElo "2072"]
[PlyCount "113"]
[EventDate "2022.10.08"]
[EventType "team-tourn"]
[EventRounds "11"]
[EventCountry "SVK"]
[SourceTitle "EXT 2024"]
[Source "ChessBase"]
[SourceDate "2023.10.10"]
[SourceVersion "1"]
[SourceVersionDate "2023.10.10"]
[SourceQuality "1"]
[WhiteTeam "Prievidza"]
[BlackTeam "Levice II"]
[WhiteTeamCountry "SVK"]
[BlackTeamCountry "SVK"]

1. d4 Nf6 2. c4 e6 3. Nf3 b6 4. Bg5 Bb7 5. e3 Bb4+ 6. Nbd2 h6 7. Bxf6 Qxf6 8. Be2 0-0 9. a3 Bxd2+ 10. Qxd2 d6 11. 0-0 Nd7 12. Rad1 Rad8 13. Ne1 e5 14. f3 Rfe8 15. Nc2 c5 16. d5 Qg5 17. e4 Nf8 18. Bd3 Ng6 19. Qxg5 hxg5 20. g3 Bc8 21. Ne3 Ne7 22. Kg2 Rf8 23. Rd2 f6 24. b4 g6 25. Rh1 Kg7 26. bxc5 dxc5 27. h4 gxh4 28. Rxh4 Rh8 29. Rxh8 Rxh8 30. a4 Bd7 31. Ra2 a5 32. Bc2 Rd8 33. Nd1 Nc8 34. Nf2 Nd6 35. Bb3 f5 36. Re2 Re8 37. Rb2 Rb8 38. Kf1 Kf6 39. Ke2 g5 40. Rb1 Rh8 41. Ba2 Nc8 42. Bb3 Rh2 43. Kf1 Nd6 44. Rb2 Rh8 45. Kg2 g4 46. fxg4 fxe4 47. Re2 Rg8 48. Kh3 Be8 49. Nxe4+ Nxe4 50. Rxe4 Rg5 51. Re2 Bd7 52. Rf2+ Ke7 53. Bd1 Rh5+ 54. Kg2 Rg5 55. Rb2 Rg6 56. g5 e4 57. Re2 1-0

[Event "SVK-chT1W 2223"]
[Site "Slovakia"]
[Date "2022.10.16"]
[Round "2.8"]
[White "Hudoba, Ondrej"]
[Black "Marusic, Martin"]
[Result "1-0"]
[WhiteElo "2077"]
[BlackElo "1784"]
[PlyCount "81"]
[EventDate "2022.10.15"]
[EventType "team-tourn"]
[EventRounds "11"]
[EventCountry "SVK"]
[SourceTitle "EXT 2024"]
[Source "ChessBase"]
[SourceDate "2023.10.10"]
[SourceVersion "1"]
[SourceVersionDate "2023.10.10"]
[SourceQuality "1"]
[WhiteTeam "Levice"]
[BlackTeam "Bratislava Lokomotiva"]
[WhiteTeamCountry "SVK"]
[BlackTeamCountry "SVK"]

1. e4 e6 2. d4 d5 3. Nc3 dxe4 4. Nxe4 Bd7 5. Nf3 Bc6 6. Bd3 Nd7 7. c3 Be7 8. 0-0 Ngf6 9. Qe2 Bxe4 10. Bxe4 Nxe4 11. Qxe4 c6 12. Re1 0-0 13. Qe2 Qa5 14. Bd2 Rfe8 15. h3 Rad8 16. b4 Qc7 17. g3 b5 18. a4 Qb7 19. Bf4 Nf6 20. Bg5 Nd5 21. Bxe7 Rxe7 22. Qc2 h6 23. Ne5 a6 24. Nd3 Qc7 25. a5 Nf6 26. Nc5 Qc8 27. Kh2 Nd7 28. Nd3 Qc7 29. Re2 e5 30. Rae1 Rde8 31. f4 f6 32. fxe5 fxe5 33. Re4 Qd6 34. Qe2 Rf8 35. dxe5 Qe6 36. Nf4 Qf5 37. e6 Nb8 38. Re5 Qf6 39. Qe4 g5 40. Ng6 Qf2+ 41. Qg2 1-0

[Event "SVK-chT2B 2122"]
[Site "Slovakia"]
[Date "2022.03.06"]
[Round "6.7"]
[White "Karaba, Rudolf1"]
[Black "Hudoba, Ondrej"]
[Result "0-1"]
[WhiteElo "1266"]
[BlackElo "2073"]
[PlyCount "64"]
[EventDate "2021.10.16"]
[EventType "team-tourn"]
[EventRounds "11"]
[EventCountry "SVK"]
[SourceTitle "EXT 2023"]
[Source "ChessBase"]
[SourceDate "2022.10.05"]
[SourceVersion "1"]
[SourceVersionDate "2022.10.05"]
[SourceQuality "1"]
[WhiteTeam "Topolcany II"]
[BlackTeam "Levice"]
[WhiteTeamCountry "SVK"]
[BlackTeamCountry "SVK"]

1. d4 Nf6 2. Nf3 b6 3. c4 e6 4. Nc3 Bb7 5. Bf4 Bb4 6. a3 Bxc3+ 7. bxc3 d6 8. e3 Ne4 9. Qc2 f5 10. g4 g5 11. gxf5 exf5 12. Nxg5 Nxg5 13. Qxf5 Nf3+ 14. Ke2 Qd7 15. Qh5+ Qf7 16. Qh3 Rg8 17. d5 Ng1+ 18. Rxg1 Rxg1 19. Bg3 Na6 20. f4 Bc8 21. Qh6 Qf5 22. Rc1 Nc5 23. Re1 Qg4+ 24. Kd2 Ne4+ 25. Kc2 Rxf1 26. Qxh7 Nxg3 27. Qh8+ Kf7 28. hxg3 Bf5+ 29. Kb3 Rxe1 30. Qxa8 Rb1+ 31. Ka4 Bd7+ 32. Qc6 Qd1# 0-1

[Event "SVK-chT2B 1920"]
[Site "Slovakia"]
[Date "2019.12.14"]
[Round "5.5"]
[White "Batora, Matej"]
[Black "Hudoba, Ondrej"]
[Result "1-0"]
[WhiteElo "2011"]
[BlackElo "2075"]
[PlyCount "83"]
[EventDate "2019.10.26"]
[EventType "team-tourn"]
[EventRounds "11"]
[EventCountry "SVK"]
[SourceTitle "CBM 194 Extra"]
[Source "ChessBase"]
[SourceDate "2020.03.31"]
[SourceVersion "1"]
[SourceVersionDate "2020.03.31"]
[SourceQuality "1"]
[WhiteTeam "Tlmace"]
[BlackTeam "Levice"]
[WhiteTeamCountry "SVK"]
[BlackTeamCountry "SVK"]

1. d4 Nf6 2. Bf4 e6 3. e3 b6 4. Nf3 Be7 5. Bd3 Bb7 6. Nbd2 d5 7. c3 0-0 8. Ne5 Ne4 9. Qh5 f6 10. Nef3 Nd7 11. h4 g6 12. Qg4 f5 13. Qh3 h5 14. Ne5 Nxe5 15. Bxe5 Bd6 16. Nf3 Qd7 17. Qh2 a5 18. Qf4 Ba6 19. Qh6 Bxe5 20. Nxe5 Qg7 21. Qxg7+ Kxg7 22. Bxe4 fxe4 23. Rh3 Rf6 24. Rg3 Rg8 25. f4 Kh7 26. Kd2 Rg7 27. Rh1 Bb5 28. Rg5 c5 29. g4 Be8 30. Rg1 Rc7 31. gxh5 gxh5 32. Rg8 Re7 33. R1g5 Rf5 34. Rg1 Rf6 35. R1g3 Rh6 36. Rf8 Bg6 37. Rb8 cxd4 38. cxd4 Be8 39. Rxb6 a4 40. Rb8 Rf6 41. b4 axb3 42. axb3 1-0

[Event "SVK-chT2B 1415"]
[Site "Slovakia"]
[Date "2015.02.01"]
[Round "7.2"]
[White "Hudoba, Ondrej"]
[Black "Szucs, Vladimir"]
[Result "0-1"]
[WhiteElo "2187"]
[BlackElo "2228"]
[PlyCount "42"]
[EventDate "2014.10.11"]
[EventType "team-tourn"]
[EventRounds "11"]
[EventCountry "SVK"]
[SourceTitle "EXT 2019"]
[Source "ChessBase"]
[SourceDate "2018.10.10"]
[SourceVersion "1"]
[SourceVersionDate "2018.10.10"]
[SourceQuality "1"]
[WhiteTeam "Levice"]
[BlackTeam "Podhajska Termal"]
[WhiteTeamCountry "SVK"]
[BlackTeamCountry "SVK"]

1. e4 c5 2. Nf3 Nc6 3. Bb5 g6 4. c3 Nf6 5. Qe2 Bg7 6. d4 d5 7. exd5 Nxd5 8. c4 Nc7 9. Bxc6+ bxc6 10. dxc5 Bf5 11. Na3 Ne6 12. g4 Bxg4 13. Qe4 Bxf3 14. Qxf3 Qa5+ 15. Kf1 0-0 16. Rb1 Qxc5 17. b4 Qd6 18. Kg2 Rfd8 19. Be3 Qc7 20. Rhc1 Nd4 21. Bxd4 Bxd4 0-1

[Event "SVK-chT1W 1314"]
[Site "Slovakia"]
[Date "2014.03.22"]
[Round "10.3"]
[White "Hudoba, Ondrej"]
[Black "Jozefek, Michal"]
[Result "1-0"]
[WhiteElo "2155"]
[BlackElo "2168"]
[PlyCount "37"]
[EventDate "2013.10.12"]
[EventType "team-tourn"]
[EventRounds "11"]
[EventCountry "SVK"]
[SourceTitle "EXT 2015"]
[Source "ChessBase"]
[SourceDate "2014.11.20"]
[SourceVersion "1"]
[SourceVersionDate "2014.11.20"]
[SourceQuality "1"]
[WhiteTeam "Levice"]
[BlackTeam "Osuske"]
[WhiteTeamCountry "SVK"]
[BlackTeamCountry "SVK"]

1. e4 c5 2. Nf3 Nc6 3. Bb5 g6 4. 0-0 Bg7 5. c3 Qb6 6. Na3 d6 7. d4 Bd7 8. Be3 Nf6 9. Qa4 Ng4 10. dxc5 Qa5 11. Qxa5 Nxa5 12. cxd6 Nxe3 13. fxe3 exd6 14. Rad1 Bh6 15. Bxd7+ Kxd7 16. e5 Bxe3+ 17. Kh1 Rhe8 18. b4 Nc6 19. Nc4 1-0

[Event "SVK-chT2B 1314"]
[Site "Slovakia"]
[Date "2014.03.15"]
[Round "10.2"]
[White "Hudoba, Ondrej"]
[Black "Chlpik, Martin"]
[Result "1-0"]
[WhiteElo "2155"]
[BlackElo "2077"]
[PlyCount "119"]
[EventDate "2013.10.19"]
[EventType "team-tourn"]
[EventRounds "11"]
[EventCountry "SVK"]
[SourceTitle "EXT 2015"]
[Source "ChessBase"]
[SourceDate "2014.11.20"]
[SourceVersion "1"]
[SourceVersionDate "2014.11.20"]
[SourceQuality "1"]
[WhiteTeam "Tlmace"]
[BlackTeam "Topolcany"]
[WhiteTeamCountry "SVK"]
[BlackTeamCountry "SVK"]

1. e4 g6 2. d4 Bg7 3. Nf3 d6 4. h3 Nd7 5. Nc3 c6 6. a4 e5 7. Be3 Ngf6 8. dxe5 dxe5 9. Bc4 Qe7 10. 0-0 h6 11. Qd3 0-0 12. a5 Nc5 13. Bxc5 Qxc5 14. b4 Qxb4 15. Nxe5 Nd5 16. Na2 Qd6 17. Nxf7 Rxf7 18. Rad1 b5 19. axb6 axb6 20. exd5 b5 21. Bb3 c5 22. Qxb5 Ba6 23. Qc6 Qxc6 24. dxc6 c4 25. Ba4 Bc8 26. Rd8+ Rf8 27. Rxc8 Raxc8 28. Rd1 Rf5 29. Nb4 Bf8 30. Nd5 Bc5 31. Kh1 Kg7 32. f4 Rf7 33. Bb5 Ra7 34. Nc3 Rac7 35. Rd7+ Rxd7 36. cxd7 Rd8 37. Ne4 Be7 38. g4 Rb8 39. Bxc4 Rb1+ 40. Kg2 Rb7 41. Be6 Rb2 42. Bb3 Rb1 43. Nc3 Ra1 44. Nd5 Bd8 45. f5 gxf5 46. gxf5 Rd1 47. Kf3 Ra1 48. Ke4 Ra7 49. f6+ Kg6 50. Ke5 Rxd7 51. Nf4+ Kh7 52. Ne6 Bc7+ 53. Nxc7 Rxc7 54. c4 Kg6 55. Bc2+ Kg5 56. h4+ Kxh4 57. Bf5 Rxc4 58. f7 Rc5+ 59. Kf6 Rc6+ 60. Be6 1-0

[Event "SVK-chT2B 1314"]
[Site "Slovakia"]
[Date "2014.02.22"]
[Round "8.1"]
[White "Kaniansky, Miroslav"]
[Black "Hudoba, Ondrej"]
[Result "1-0"]
[WhiteElo "2203"]
[BlackElo "2155"]
[PlyCount "61"]
[EventDate "2013.10.19"]
[EventType "team-tourn"]
[EventRounds "11"]
[EventCountry "SVK"]
[SourceTitle "EXT 2015"]
[Source "ChessBase"]
[SourceDate "2014.11.20"]
[SourceVersion "1"]
[SourceVersionDate "2014.11.20"]
[SourceQuality "1"]
[WhiteTeam "Prievidza II"]
[BlackTeam "Tlmace"]
[WhiteTeamCountry "SVK"]
[BlackTeamCountry "SVK"]

1. d4 Nf6 2. Nf3 e6 3. Bf4 b6 4. e3 Be7 5. Bd3 Bb7 6. Nbd2 d5 7. Qe2 0-0 8. Ne5 c5 9. c3 Nc6 10. 0-0 Nxe5 11. Bxe5 Nd7 12. Bg3 f5 13. f3 Kh8 14. e4 c4 15. Bc2 b5 16. exf5 exf5 17. Rae1 Bg5 18. Bd6 Re8 19. Qxe8+ Qxe8 20. Rxe8+ Rxe8 21. f4 Bf6 22. Bxf5 Nb6 23. Nf3 Na4 24. Rf2 Re3 25. Rc2 g6 26. Bd7 a6 27. Kf2 Rd3 28. Ke2 Nb6 29. Be6 Bc8 30. Bxc8 Nxc8 31. Be5 1-0

[Event "SVK-chT2B 1314"]
[Site "Slovakia"]
[Date "2013.11.23"]
[Round "3.2"]
[White "Hudoba, Ondrej"]
[Black "Jostic, Peter"]
[Result "1/2-1/2"]
[WhiteElo "2155"]
[BlackElo "2062"]
[PlyCount "115"]
[EventDate "2013.10.19"]
[EventType "team-tourn"]
[EventRounds "11"]
[EventCountry "SVK"]
[SourceTitle "EXT 2015"]
[Source "ChessBase"]
[SourceDate "2014.11.20"]
[SourceVersion "1"]
[SourceVersionDate "2014.11.20"]
[SourceQuality "1"]
[WhiteTeam "Tlmace"]
[BlackTeam "Trencin II"]
[WhiteTeamCountry "SVK"]
[BlackTeamCountry "SVK"]

1. e4 c5 2. Nf3 d6 3. c3 Nf6 4. Be2 e6 5. 0-0 Be7 6. Bb5+ Bd7 7. Bxd7+ Nbxd7 8. Re1 Qc7 9. d4 0-0 10. Nbd2 Rfd8 11. d5 e5 12. Qe2 Nf8 13. a4 Ng6 14. Nc4 Kh8 15. h4 Rg8 16. Ng5 Raf8 17. g3 Bd8 18. h5 Ne7 19. Qf3 h6 20. Nh3 Qd7 21. Kg2 Nh7 22. g4 g6 23. Bxh6 gxh5 24. g5 Ng6 25. Qxh5 Qxh3+ 26. Kxh3 Nf4+ 27. Kh4 Nxh5 28. Kxh5 Bxg5 29. Bxg5 Rxg5+ 30. Kh4 Rfg8 31. Nxd6 Rg4+ 32. Kh3 Rf4 33. Rg1 Ng5+ 34. Rxg5 Rxg5 35. Re1 Rf3+ 36. Kh4 Rg6 37. Nf5 Rxf2 38. Kh3 Rxb2 39. Rd1 Rg8 40. d6 Rd8 41. Rd5 f6 42. Rxc5 Kh7 43. Rc7+ Kg6 44. Kg4 Rg2+ 45. Kf3 Rg5 46. Rg7+ Kh5 47. Rxb7 Rxf5+ 48. exf5 Rxd6 49. Rxa7 Rd3+ 50. Ke4 Rxc3 51. Rh7+ Kg5 52. Rg7+ Kh4 53. Rg6 Rc6 54. Rg1 Rc4+ 55. Kd5 Rxa4 56. Ke6 Ra6+ 57. Kf7 e4 58. Kg6 1/2-1/2

[Event "SVK-chT1W 1213"]
[Site "Slovakia"]
[Date "2012.10.20"]
[Round "1.4"]
[White "Hudoba, Ondrej"]
[Black "Bezuch, Martin"]
[Result "0-1"]
[WhiteElo "2140"]
[BlackElo "2291"]
[PlyCount "118"]
[EventDate "2012.10.20"]
[EventType "team-tourn"]
[EventRounds "11"]
[EventCountry "SVK"]
[SourceTitle "EXT 2014"]
[Source "ChessBase"]
[SourceDate "2013.11.20"]
[SourceVersion "1"]
[SourceVersionDate "2013.11.20"]
[SourceQuality "1"]
[WhiteTeam "Levice"]
[BlackTeam "Bratislava Slovan II"]
[WhiteTeamCountry "SVK"]
[BlackTeamCountry "SVK"]

1. e4 g6 2. d4 Bg7 3. Nf3 d6 4. Be2 Nd7 5. 0-0 e5 6. Nc3 Ngf6 7. dxe5 dxe5 8. Be3 h6 9. h3 c6 10. Qd2 Qe7 11. Rfd1 g5 12. a3 0-0 13. b4 Re8 14. h4 g4 15. Nh2 h5 16. Nf1 Nh7 17. g3 Ndf8 18. Bh6 Ne6 19. Bxg7 Kxg7 20. Nh2 Nd4 21. Bd3 Nf8 22. Qe3 Qf6 23. Na4 Ng6 24. c3 Nf3+ 25. Nxf3 gxf3 26. Kf1 b6 27. Nb2 Bg4 28. Ba6 Kh7 29. Ke1 Re7 30. Nd3 Rd8 31. Kd2 Red7 32. Kc2 Qe6 33. a4 f5 34. Nb2 fxe4 35. Bc4 Qf6 36. Rxd7+ Rxd7 37. Rd1 Rxd1 38. Nxd1 Bf5 39. Kc1 Ne7 40. Qd2 Be6 41. Bxe6 Qxe6 42. Qg5 Qh6 43. Qxh6+ Kxh6 44. Kd2 Kg6 45. Ke3 Kf5 46. c4 b5 47. axb5 cxb5 48. Kd2 bxc4 49. Kc3 Ke6 50. Kxc4 Nf5 51. Kc5 e3 52. fxe3 Nxg3 53. Nf2 Nf5 54. e4 Ne3 55. Nh3 Kf6 56. Kb5 Ng4 57. Kc6 f2 58. Nxf2 Nxf2 59. Kb7 Nxe4 0-1

[Event "SVK-chT2B 1112"]
[Site "Slovakia"]
[Date "2011.10.08"]
[Round "1.3"]
[White "Velcko, Miroslav"]
[Black "Hudoba, Ondrej"]
[Result "1-0"]
[WhiteElo "2177"]
[BlackElo "2160"]
[PlyCount "75"]
[EventDate "2011.10.08"]
[EventType "team-tourn"]
[EventRounds "11"]
[EventCountry "SVK"]
[SourceTitle "EXT 2013"]
[Source "ChessBase"]
[SourceDate "2012.11.22"]
[SourceVersion "1"]
[SourceVersionDate "2012.11.22"]
[SourceQuality "1"]
[WhiteTeam "Trencin SK II"]
[BlackTeam "Levice"]
[WhiteTeamCountry "SVK"]
[BlackTeamCountry "SVK"]

1. c4 e5 2. g3 Nf6 3. Bg2 Nc6 4. Nc3 Bb4 5. Nf3 0-0 6. 0-0 h6 7. Qc2 d6 8. a3 Bxc3 9. Qxc3 Bg4 10. h3 Bf5 11. b4 Re8 12. b5 Nd4 13. Nxd4 exd4 14. Qxd4 Rxe2 15. Bf3 Re6 16. Bb2 Qe7 17. Bxb7 Re8 18. Bg2 Be4 19. Rae1 Bxg2 20. Rxe6 Qxe6 21. Kxg2 Qe2 22. Bc3 Re4 23. Qxa7 Nh5 24. Qxc7 Nxg3 25. Kxg3 Re6 26. Qc8+ Kh7 27. Rc1 Rg6+ 28. Qg4 Rxg4+ 29. hxg4 Qxc4 30. b6 d5 31. Re1 d4 32. Bb4 Qb5 33. Re7 Qxb6 34. Rxf7 Qe6 35. Re7 Qb3+ 36. f3 Kg6 37. Re4 h5 38. Rxd4 1-0